Brassey's Soviet and communist quotations /

Bibliographic Details
Other Authors: Weeks, Albert Loren, 1923-
Format: Book
Language:English
Published: Washington : Pergamon-Brassey's, [1987]
Subjects:

MARC

Tag First Indicator Second Indicator Subfields
LEADER 00000cam a2200000 a 4500
001 in00000013823
005 20151007052435.0
008 860828s1987 dcu 00100 eng
010 |a  86022664  
020 |a 0080344887 :  |c $50.00 
035 |a (OCoLC)14213676 
035 |9 AAA7793AM 
040 |a DLC  |c DLC  |d TXA  |d UtOrBLW 
043 |a e-ur--- 
049 |a TXAM  |c [A11463446] 
050 0 0 |a HX73  |b .B7 1987 
082 0 |a 335.43  |2 19 
245 0 0 |a Brassey's Soviet and communist quotations /  |c compiled and edited by Albert L. Weeks. 
264 1 |a Washington :  |b Pergamon-Brassey's,  |c [1987] 
264 4 |c ©1987 
300 |a xxii, 387 pages ;  |c 26 cm. 
336 |a text  |b txt  |2 rdacontent 
337 |a unmediated  |b n  |2 rdamedia 
338 |a volume  |b nc  |2 rdacarrier 
500 |a Includes index. 
650 0 |a Communism  |x Quotations, maxims, etc. 
650 0 |a Communism  |z Soviet Union  |x Quotations, maxims, etc. 
650 0 |a Communists  |x Quotations. 
650 0 |a Communists  |z Soviet Union  |x Quotations. 
700 1 |a Weeks, Albert Loren,  |d 1923- 
999 |a MARS 
999 f f |s a3c25c2b-22a3-35a9-b1d0-a306cc431514  |i 26fb20e0-36d0-3357-a408-fd99e9bb8309  |t 0 
952 f f |p ric  |a Texas A&M University  |b Rellis Campus  |c Joint Library Facility  |d Remote Storage  |t 0  |e HX73 .B7 1987  |h Library of Congress classification  |i unmediated -- volume  |m A14811463446 
998 f f |a HX73 .B7 1987  |t 0  |l Remote Storage